Szczegóły MARC21

Russko-anglijskie otnošeniâ pri Petre I /

003 -Nazwa inst., której nr kontr. jest w polu 001 [,]
    • @
    • Nazwa instytucji, której n kontrolny jest w polu 001
    • NUKAT
005 -DATA I CZAS OSTATNIEJ MODYFIKACJI [,]
    • @
    • pole kontrolne
    • 20241231110710.0
040 -Instytucja sporządzająca opis [ , ]
    • a
    • Instytucja, która sporządziła opis (NP)
    • GD U/MZ
    • c
    • Instytucja, która sporządziła rekord (NP)
    • GD U/MZ
    • d
    • Instytucja, która zmodyfikowała rekord (P)
    • GD U/MZ
    • d
    • Instytucja, która zmodyfikowała rekord (P)
    • GD U/KMs
942 -Rodzaj dokumentu [ , ]
    • c
    • Rodzaj dokumentu
    • Książka
100 -Hasło główne - nazwa osobowa [1, ]
    • a
    • Nazwa osobowa (NP)
    • Nikiforov, Leonid Alekseevič.
    • 9
    • KHW
    • 577962
245 -Strefa tytułu i oznaczenia odpowiedzialności [1,0]
    • a
    • Tytuł
    • Russko-anglijskie otnošeniâ pri Petre I / Find
    • c
    • Pozostałe elementy strefy tytułu i oznaczenia odpowiedzialności (NP)
    • L. A. Nikiforov ; Akademiâ obŝestvennyh nauk pri CK VKP (b). Kafedra vseobŝej istorii.
260 -Strefa adresu wydawniczego [ , ]
    • a
    • Miejsce wydania (P)
    • Moskva:
    • b
    • Nazwa wydawcy (P)
    • Gosudarstvennoe Izdatel'tvo Političeskoj Literatury,
    • c
    • Data wydania (P)
    • 1950.
300 -Strefa opisu fizycznego [ , ]
    • a
    • Określenie formy książki i/lub objętość (NP)
    • 276 s., [1] k. mapa złoż. ;
    • c
    • Format (NP)
    • 21 cm.
336 -Typ zawartości [ , ]
    • a
    • Termin opisujący typ zawartości
    • Tekst
    • b
    • Kod określający zawartość
    • txt
    • 2
    • Źródło (terminu i kodu)
    • rdacontent
337 -Typ mediów [ , ]
    • a
    • Tryb odtwarzania
    • Bez urządzenia pośredniczącego
    • b
    • Kod typu mediów
    • n
    • 2
    • Źródło (terminu i kodu)
    • rdamedia
338 -Typ/rodzaj nośnika [ , ]
    • a
    • Hasło opisujące typ nośnika
    • Wolumin
    • b
    • Kod typu nośnika
    • nc
    • 2
    • Źródło (terminu i kodu)
    • rdacarrier
080 -Uniwersalna Klasyfikacja Dziesiętna [ , ]
    • 2
    • Identyfikator wydania tablic
    • UDC-P058
    • 9
    • UKD
    • 2892
    • a
    • Symbol klasyfikacji
    • 327
    • b
    • Dopowiedzenie
    • Międzynarodowe stosunki polityczne. Polityka światowa. Polityka międzynarodowa. Polityka zagraniczna. Dyplomacja.
    • 4
    • UKD2
    • 7659
    • x
    • Poddział wspólny
    • =161.1
    • c
    • Dopowiedzenie poddz. wspólnego
    • =Język rosyjski.
    • 4
    • UKD2
    • 8167
    • x
    • Poddział wspólny
    • (410)
    • c
    • Dopowiedzenie poddz. wspólnego
    • (Zjednoczone Królestwo Wielkiej Brytanii i Irlandii Północnej).
    • 4
    • UKD2
    • 8427
    • x
    • Poddział wspólny
    • (470+571)
    • c
    • Dopowiedzenie poddz. wspólnego
    • (Rosja, Federacja Rosyjska).
    • 4
    • UKD2
    • 8253
    • x
    • Poddział wspólny
    • "17"
    • c
    • Dopowiedzenie poddz. wspólnego
    • Wiek XVIII.
080 -Uniwersalna Klasyfikacja Dziesiętna [ , ]
    • 2
    • Identyfikator wydania tablic
    • UDC-P058
    • 9
    • UKD
    • 7047
    • a
    • Symbol klasyfikacji
    • 94(470+571)
    • b
    • Dopowiedzenie
    • Historia. Rosja. Federacja Rosyjska.
    • 4
    • UKD2
    • 7659
    • x
    • Poddział wspólny
    • =161.1
    • c
    • Dopowiedzenie poddz. wspólnego
    • =Język rosyjski.
    • 4
    • UKD2
    • 8253
    • x
    • Poddział wspólny
    • "17"
    • c
    • Dopowiedzenie poddz. wspólnego
    • Wiek XVIII.
600 -Hasło przedmiotowe w formie nazwy osobowej [0,7]
    • a
    • Nazwa osobowa
    • Piotr
    • b
    • Numeracja zwiazana z nazwą
    • I Wielki
    • c
    • Dopowiedzenie
    • (car Rosji ;
    • d
    • Daty związane z nazwą
    • 1672-1725).
    • 2
    • Źródło terminu
    • kaba
    • 9
    • KHW
    • 248119
650 -Hasło przedmiotowe [ ,7]
    • a
    • Hasło przedmiotowe
    • Anglicy
    • z
    • Określnik geograficzny
    • Rosja
    • y
    • Określnik chronologiczny
    • 18 w.
    • 2
    • Źródło terminu
    • kaba
    • 9
    • KHW
    • 578317
651 -Hasło przedmiotowe w formie nazwy geograficznej [ ,7]
    • a
    • Nazwa geograficzna
    • Rosja
    • x
    • Określnik rzeczowy
    • stosunki zagraniczne
    • y
    • Określnik chronologiczny
    • 1689-1801.
    • 2
    • Źródło terminu
    • kaba
    • 9
    • KHW
    • 128167
980 -Symbol UKD [ , ]
    • a
    • UKD
    • 327(410:470+571):94(470+571)]"17"=161.1
Data inwentaryzacji Lokalizacja Numer inwentarzowy Status udost.
2011-01-05BNSH.203391